00738nam a22002057a 4500999001900000005001700019010001500036020002700051035001400078037001300092082001200105100002300117245006100140260003900201270007100240300002000311500005000331942002600381952012500407 c169563d16956320191122171939.0 aENG-127001 a9788184202366c1100.00 aEN-110533 bDBAD/PUB a305.560 aMukesh Kumar Singh aCaste and reservation in India /cby Mukesh Kumar Singh  aNew Delhic2010bSumit Enterprises a4649B/21, Ansari Road, Darya GanjbNew Delhie110002k011-23279353 a293p.c21cm(Hb) aIncludes bibliographical references and index 2ddccENh305.560mMUK 001040718NFICaDBADbLd2019-11-22eDBAD/PUBg1100.00l0o305.560 MUKpEN-110533r2019-11-22 00:00:00t1v1100.00yEN